Praktické využitie charakteristík zložených rozdelení bakalárska práca

Gespeichert in:
Bibliographische Detailangaben
1. Verfasser: Pethö, Jakub
Körperschaft: Fakulta hospodárskej informatiky EU. Katedra matematiky a aktuárstva
Weitere Verfasser: Horáková, Galina
Format: Buch
Sprache:Slowakisch
Veröffentlicht: Bratislava 2017
Tags: Tag hinzufügen
Keine Tags, Fügen Sie das erste Tag hinzu!

MARC

LEADER 00000nbm a2200000 4500
001 0233118
005 20171005140834.4
041 0 |a slo 
044 |a SK 
245 1 0 |a Praktické využitie charakteristík zložených rozdelení  |b bakalárska práca  |c Jakub Pethö ; školiteľ: Galina Horáková 
264 1 |a Bratislava  |c 2017 
300 |a 37 s. 
100 1 |a Pethö, Jakub 
700 1 |a Horáková, Galina 
710 2 |a Fakulta hospodárskej informatiky EU. Katedra matematiky a aktuárstva